[Event "Elit(LASK-Limhamn)"]
[Site "?"]
[Date "2008.11.15"]
[Round "2"]
[White "Holst, Conny"]
[Black "Nilsson, Sebastian"]
[Result "1-0"]
[WhiteElo "2239"]
[BlackElo "2327"]
[PlyCount "73"]

1. d4 Nf6 2. c4 g6 3. Nc3 Bg7 4. e4 d6 5. f3 Nc6 6. Be3 a6 7. Qd2 Rb8 8. Nge2
b5 9. Nc1 b4 10. Nd1 e5 11. d5 Nd4 12. Nb3 c5 13. dxc6 Nxc6 14. a3 O-O 15. Be2
Nh5 16. O-O Be6 17. axb4 Nxb4 18. Na5 Nf4 19. Re1 Nxe2+ 20. Qxe2 f5 21. Nc3
fxe4 22. Nxe4 Qc7 23. Red1 Rfd8 24. Kh1 Kh8 25. Bg5 Rd7 26. Bf6 Rb6 27. c5 dxc5
28. Rxd7 Bxd7 29. Bxg7+ Kxg7 30. Rd1 Bb5 31. Qe3 Nc2 32. Qc3 Nd4 33. Nxc5 Qe7
34. f4 Rd6 35. fxe5 Qxe5 36. Rxd4 Rf6 37. Rd1 1-0

[Event "Elit(LASK-Limhamn)"]
[Site "?"]
[Date "2008.11.15"]
[Round "2"]
[White "Bejtovic, Jasmin"]
[Black "Nylen, Anders"]
[Result "0-1"]
[WhiteElo "2340"]
[BlackElo "2242"]
[PlyCount "108"]

1. e4 c5 2. Nf3 d6 3. d4 cxd4 4. Nxd4 Nf6 5. Nc3 a6 6. Bc4 e6 7. Bb3 Bd7 8. O-O
Nc6 9. f4 Qc7 10. f5 Nxd4 11. Qxd4 d5 12. Qd1 dxe4 13. fxe6 Bxe6 14. Rxf6 gxf6
15. Nxe4 Be7 16. Qf3 Rd8 17. Be3 f5 18. Ng3 Qc6 19. Qh5 Bxb3 20. axb3 f4 21.
Qe5 Qf6 22. Bxf4 Qxe5 23. Bxe5 Rg8 24. Re1 Kd7 25. c3 Bc5+ 26. Kf1 Rge8 27. Nf5
f6 28. Bf4 Rxe1+ 29. Kxe1 Ke6 30. g4 Rg8 31. h3 Kd5 32. Ke2 Re8+ 33. Kd3 Re1
34. b4 Bf8 35. Ne3+ Kc6 36. h4 Bd6 37. Bh6 Be5 38. h5 Rb1 39. Kc2 Rg1 40. Kd3
Kd6 41. Ke4 Ke6 42. Bg7 Bc7 43. c4 Be5 44. b3 Bc3 45. Kd3 Bxb4 46. Bxf6 Kxf6
47. Nd5+ Ke5 48. Nxb4 Rxg4 49. Nd5 Rg3+ 50. Kc2 Rh3 51. Nb6 Rxh5 52. Nd7+ Kd4
53. Kb2 Rf5 54. c5 Rxc5 0-1

[Event "Elit(Farsta-Solna)"]
[Site "?"]
[Date "2008.11.15"]
[Round "2"]
[White "Karlsson, Tomas"]
[Black "Magnusson, Jorgen"]
[Result "1-0"]
[WhiteElo "2287"]
[BlackElo "2295"]
[PlyCount "117"]

1. e4 c5 2. Nf3 d6 3. d4 cxd4 4. Nxd4 Nf6 5. Nc3 g6 6. Be3 Bg7 7. f3 Nc6 8. Qd2
O-O 9. g4 Be6 10. O-O-O Nxd4 11. Bxd4 Qa5 12. a3 Rab8 13. h4 b5 14. Nd5 Qxd2+
15. Rxd2 Nxd5 16. Bxg7 Kxg7 17. exd5 Bd7 18. c3 h6 19. Rd4 Rbc8 20. Bd3 f5 21.
Re1 Rce8 22. gxf5 gxf5 23. Kd2 Kf6 24. Rf4 Kg6 25. c4 bxc4 26. Rxc4 e5 27. dxe6
Bxe6 28. Rc6 Kh5 29. Rxd6 Bc8 30. Rxe8 Rxe8 31. Rd4 Re5 32. Bc4 Re7 33. Rf4 Kg6
34. b4 Kf6 35. Rd4 Ke5 36. Ke3 Bb7 37. f4+ Kf6+ 38. Kd2 Bf3 39. Rd6+ Kg7 40.
Be6 Be4 41. Rd7 Kf6 42. Rxe7 Kxe7 43. Bc4 Bb7 44. Ke3 Kd6 45. Kd4 Bc6 46. b5
Be4 47. a4 Bb7 48. a5 Bc8 49. Bd5 Bd7 50. b6 axb6 51. axb6 Ba4 52. b7 Kc7 53.
Ke5 Bc2 54. Kf6 Bd3 55. Kg6 Be4 56. Bf7 Bxb7 57. Kxh6 Kd6 58. Kg7 Bf3 59. Kf6
1-0

[Event "Elit(Farsta-Solna)"]
[Site "?"]
[Date "2008.11.15"]
[Round "2"]
[White "Hjelm, Niclas"]
[Black "Lindberg, Bengt"]
[Result "1-0"]
[WhiteElo "2369"]
[BlackElo "2414"]
[PlyCount "69"]

1. e4 c5 2. Nf3 e6 3. d4 cxd4 4. Nxd4 Nc6 5. Nc3 Qc7 6. Be3 a6 7. Be2 Nf6 8. a3
b5 9. Nxc6 dxc6 10. f4 e5 11. O-O Bd6 12. f5 Bb7 13. Qe1 c5 14. Bg5 b4 15. Bxf6
bxc3 16. Bxg7 Rg8 17. f6 cxb2 18. Rb1 c4 19. Rxb2 Bxa3 20. Rxb7 Qxb7 21. Qa5
Bd6 22. Bxc4 Ra7 23. Rd1 Qc6 24. Qa2 Kd7 25. Bxf7 Rd8 26. Bd5 Qc5+ 27. Kh1 Kc7
28. h3 Bf8 29. Rf1 Kb8 30. Qb2+ Qb5 31. Qxe5+ Bd6 32. Qa1 Qc5 33. c4 Qe3 34.
Rf3 Qg5 35. f7 1-0

[Event "Elit(Farsta-Solna)"]
[Site "?"]
[Date "2008.11.15"]
[Round "2"]
[White "Jonsson, Mikael"]
[Black "Jaderberg, Bjorn"]
[Result "0-1"]
[WhiteElo "2344"]
[BlackElo "2226"]
[PlyCount "49"]

1. d4 Nf6 2. c4 e5 3. dxe5 Ng4 4. Nf3 Bc5 5. e3 Nc6 6. Be2 O-O 7. O-O Re8 8.
Nbd2 Ngxe5 9. Re1 a5 10. Nf1 Ra6 11. Bd2 Nxf3+ 12. Bxf3 Ne5 13. Be2 Qh4 14. Bc3
Rd6 15. Qc2 b6 16. Bxe5 Rxe5 17. Bf3 Rf6 18. g3 Qh6 19. Bg2 d6 20. a3 Bd7 21.
b3 b5 22. b4 Bb6 23. Red1 bxc4 24. Qxc4 Rxf2 25. Kh1 0-1

[Event "Elit(Farsta-Solna)"]
[Site "?"]
[Date "2008.11.15"]
[Round "2"]
[White "Ong, Kezli"]
[Black "Dalmau, Jorgen"]
[Result "1-0"]
[WhiteElo "2328"]
[BlackElo "2237"]
[PlyCount "81"]

1. e4 e5 2. Nf3 Nc6 3. Bb5 a6 4. Ba4 Nf6 5. O-O Be7 6. Re1 b5 7. Bb3 d6 8. c3
O-O 9. h3 Bb7 10. d4 Re8 11. Nbd2 Bf8 12. Bc2 g6 13. a3 d5 14. dxe5 Nxe5 15.
Nxe5 Rxe5 16. f4 Re8 17. e5 Bc5+ 18. Kh2 Nh5 19. Qf3 Rb8 20. g4 Nf6 21. Qg3 Qe7
22. b4 Bb6 23. Bb2 Nd7 24. Nf3 c5 25. Rad1 Rbd8 26. h4 Nf8 27. h5 Bc8 28. Kg2
Ne6 29. f5 Nf8 30. f6 Qd7 31. Bf5 Ne6 32. Rh1 gxf5 33. gxf5+ Kh8 34. fxe6 Rg8
35. exd7 Rxg3+ 36. Kxg3 Rg8+ 37. Kf4 Bxd7 38. Rhg1 Bc7 39. Rxg8+ Kxg8 40. bxc5
Bc6 41. Nd4 1-0

[Event "Elit(Farsta-Solna)"]
[Site "?"]
[Date "2008.11.15"]
[Round "2"]
[White "Johansson, Gunnar"]
[Black "Hedin, Gunnar"]
[Result "1-0"]
[WhiteElo "2282"]
[BlackElo "2175"]
[PlyCount "71"]

1. e4 e6 2. d4 d5 3. Nd2 Be7 4. e5 Nh6 5. Bd3 c5 6. c3 Nc6 7. Ne2 Bd7 8. a3
cxd4 9. cxd4 a5 10. O-O Nf5 11. Nf3 Qb6 12. Bxf5 exf5 13. Nc3 Be6 14. Na4 Qd8
15. Be3 O-O 16. Qb3 Rb8 17. Rac1 h6 18. Nc5 g5 19. Qd3 Bxc5 20. dxc5 f4 21. Bd4
Qd7 22. Nd2 Bf5 23. Qc3 Qe6 24. b4 axb4 25. axb4 Rfe8 26. Rfe1 Na7 27. Nb3 Nb5
28. Qd2 Qg6 29. Bb2 Red8 30. Nd4 Nxd4 31. Qxd4 Bd3 32. e6 f6 33. e7 Rd7 34.
e8=Q+ Rxe8 35. Rxe8+ Qxe8 36. Qxd3 1-0

[Event "Elit(Farsta-Solna)"]
[Site "?"]
[Date "2008.11.15"]
[Round "2"]
[White "Lindeman, Sven"]
[Black "Landgren, Andreas"]
[Result "0-1"]
[WhiteElo "2212"]
[BlackElo "2207"]
[PlyCount "78"]

1. e4 c5 2. Nf3 d6 3. d4 cxd4 4. Nxd4 Nf6 5. Nc3 a6 6. Bc4 b5 7. Bb3 e6 8. Bg5
Bb7 9. Bxe6 fxe6 10. Nxe6 Qc8 11. Nxf8 Rxf8 12. Qxd6 Kf7 13. Bxf6 gxf6 14. Nd5
Qd8 15. Qf4 Bxd5 16. O-O-O Nc6 17. Rxd5 Qe7 18. Qf5 Ke8 19. Rhd1 Rf7 20. Rd6
Nd8 21. f4 Kf8 22. R1d3 Kg8 23. Qd5 Nb7 24. Qc6 Re8 25. R6d4 Qe6 26. Rc3 Rfe7
27. a4 Qxc6 28. Rxc6 Re6 29. axb5 axb5 30. Rc7 R8e7 31. Rdd7 Rxd7 32. Rxd7 Nc5
33. Rd5 Rc6 34. e5 fxe5 35. fxe5 b4 36. Kd2 Kf7 37. Ke3 Ke6 38. Kd4 Na4 39. b3
Nc3 0-1

[Event "Elit(Farsta-Solna)"]
[Site "?"]
[Date "2008.11.15"]
[Round "2"]
[White "Bjarnehag, Peter"]
[Black "Holm, Magnus"]
[Result "1/2-1/2"]
[WhiteElo "2187"]
[BlackElo "2209"]
[PlyCount "151"]

1. d4 Nc6 2. e4 d5 3. Nc3 Nf6 4. e5 Ng8 5. Nge2 e6 6. Ng3 g6 7. Be3 b6 8. Qd2
Bb7 9. h4 h5 10. Bg5 Be7 11. Be2 Qd7 12. Nf1 O-O-O 13. O-O-O Kb8 14. Qf4 Rc8
15. Ne3 Bb4 16. Nb1 Na5 17. Rh3 Rh7 18. Nd2 Bf8 19. Kb1 Qa4 20. g4 c5 21. dxc5
Qxf4 22. Bxf4 hxg4 23. Bxg4 bxc5 24. h5 d4 25. Nec4 Nxc4 26. Nxc4 gxh5 27. Rxh5
Rg7 28. f3 Bd5 29. Nd6 Bxd6 30. exd6 Kb7 31. Rxd5 exd5 32. Bxc8+ Kxc8 33. c3
Kd7 34. cxd4 c4 35. Re1 Rg6 36. Re3 Re6 37. Rxe6 fxe6 38. b3 cxb3 39. axb3 Nf6
40. Kc2 Ne8 41. Kd3 Nxd6 42. Be5 Nf5 43. Bb8 a6 44. Bf4 Kc6 45. Bd2 Kb5 46. Bc3
a5 47. Be1 a4 48. bxa4+ Kxa4 49. Kc3 Nd6 50. Bf2 Nb5+ 51. Kd3 Kb3 52. Ke3 Kc4
53. Kf4 Nxd4 54. Ke5 Nxf3+ 55. Kxe6 Ng5+ 56. Ke5 Ne4 57. Be3 Nc3 58. Bd4 Na2
59. Be3 Nb4 60. Bg1 Nc6+ 61. Kd6 Nd4 62. Bf2 Nf3 63. Ke6 Nd2 64. Ke5 Ne4 65.
Be3 Nc3 66. Bd4 Nb5 67. Bg1 Nc7 68. Kd6 Na6 69. Kc6 Nb4+ 70. Kd6 Nd3 71. Be3
Ne1 72. Bg1 Nf3 73. Be3 Nh4 74. Bf2 Ng2 75. Ke5 d4 76. Bxd4 1/2-1/2

[Event "Elit(Farsta-Solna)"]
[Site "?"]
[Date "2008.11.15"]
[Round "2"]
[White "Lagerborg, Krister"]
[Black "Steneskog, Per"]
[Result "1-0"]
[WhiteElo "2065"]
[BlackElo "2194"]
[PlyCount "120"]

1. e4 c6 2. d4 d5 3. e5 c5 4. dxc5 e6 5. Be3 Qc7 6. Nf3 Nh6 7. Bxh6 gxh6 8. Nc3
Bxc5 9. Bd3 a6 10. O-O Nc6 11. Qe2 Bd7 12. Rfe1 O-O-O 13. a3 Rdg8 14. Na4 Nxe5
15. Nxe5 Bxa4 16. Bxa6 Rg7 17. Bb5 Bxb5 18. Qxb5 Rhg8 19. g3 Rg5 20. Nd3 Bd6
21. Kf1 Rh5 22. h4 Rf5 23. Rac1 Bxg3 24. c4 d4 25. Qa4 Bxh4 26. Qa8+ Qb8 27.
Qxb8+ Kxb8 28. Re4 Bf6 29. Ke2 Rc8 30. b4 Bg7 31. c5 Rd8 32. Rg1 Rg5 33. Reg4
Bf6 34. f4 Rh5 35. Rg8 Rh2+ 36. R8g2 Rh3 37. Rg3 Rh2+ 38. R3g2 Rh3 39. Rg3 Rh2+
40. R3g2 Rh3 41. Rg3 Rxg3 42. Rxg3 h5 43. Ne5 h4 44. Rh3 Bxe5 45. fxe5 Rd5 46.
Rxh4 Rxe5+ 47. Kd3 Rd5 48. Rxh7 f5 49. a4 e5 50. Kc4 Rd8 51. Kb5 Re8 52. a5 d3
53. a6 bxa6+ 54. Kb6 e4 55. c6 d2 56. Rb7+ Kc8 57. Ra7 Kd8 58. Rd7+ Kc8 59.
Rxd2 e3 60. Ra2 e2 1-0

[Event "Elit(Kamraterna-Manhem)"]
[Site "?"]
[Date "2008.11.15"]
[Round "2"]
[White "Akesson, Joel"]
[Black "Svensson, Bengt"]
[Result "1/2-1/2"]
[WhiteElo "2366"]
[BlackElo "2496"]
[PlyCount "66"]
[EventDate "2008.??.??"]

1. d4 d5 2. Nf3 Nf6 3. c4 dxc4 4. e3 e6 5. Bxc4 c5 6. O-O a6 7. Qe2 b5 8. Bb3
Bb7 9. a4 Nbd7 10. Bc2 b4 11. Nbd2 Qc7 12. Bd3 Be7 13. Nc4 O-O 14. Bd2 Ne4 15.
Rfc1 cxd4 16. exd4 Nxd2 17. Ncxd2 Qb8 18. Ne4 Rc8 19. Neg5 Bxg5 20. Nxg5 Nf6
21. a5 h6 22. Rxc8+ Qxc8 23. Ne4 Bxe4 24. Bxe4 Nxe4 25. Qxe4 Ra7 26. h3 Rc7 27.
d5 Rc4 28. Qd3 exd5 29. Qxd5 Rc1+ 30. Rxc1 Qxc1+ 31. Kh2 Qf4+ 32. Kg1 Qc1+ 33.
Kh2 Qf4+ 1/2-1/2

[Event "Elit(Kamraterna-Manhem)"]
[Site "?"]
[Date "2008.11.15"]
[Round "2"]
[White "Akbarinia, Arash"]
[Black "Nithander, Victor"]
[Result "0-1"]
[WhiteElo "2388"]
[BlackElo "2436"]
[PlyCount "90"]
[EventDate "2008.??.??"]

1. d4 Nf6 2. Nf3 g6 3. c4 Bg7 4. g3 c6 5. Nc3 d5 6. Qb3 O-O 7. Bg2 dxc4 8. Qxc4
Be6 9. Qd3 Na6 10. O-O Qc8 11. e4 Rd8 12. Qe2 Bh3 13. Rd1 Bxg2 14. Kxg2 Nc7 15.
h3 b5 16. a3 Qb7 17. Bf4 Rac8 18. Rac1 a6 19. Bxc7 Rxc7 20. e5 Nd5 21. Ne4 e6
22. Rc2 Qb6 23. h4 h5 24. Rdc1 Bh6 25. Rd1 Kg7 26. Nfg5 Bxg5 27. hxg5 Ne7 28.
Nd6 Nd5 29. Qf3 Rcd7 30. Rc5 a5 31. Rdc1 a4 32. Qe4 Ne7 33. R1c3 b4 34. R3c4
bxa3 35. bxa3 Qb3 36. Rc3 Qd1 37. R3c4 Rb8 38. Qf4 Nd5 39. Qc1 Qe2 40. Rc2 Qg4
41. Rxc6 h4 42. Rc8 Rd8 43. Rxb8 Rxb8 44. Rc7 Nxc7 45. Qxc7 h3+ 0-1

[Event "Elit(Kamraterna-Manhem)"]
[Site "?"]
[Date "2008.11.15"]
[Round "2"]
[White "Andersson, Bjorn"]
[Black "Svenn, Gosta"]
[Result "1/2-1/2"]
[WhiteElo "2338"]
[BlackElo "2369"]
[PlyCount "114"]
[EventDate "2008.??.??"]

1. e4 e5 2. Nf3 Nc6 3. Bc4 Bc5 4. c3 Nf6 5. d4 exd4 6. cxd4 Bb4+ 7. Bd2 Bxd2+
8. Nbxd2 d5 9. exd5 Nxd5 10. Qb3 Nce7 11. O-O O-O 12. Ne5 c6 13. Ne4 Qb6 14.
Rfd1 Qxb3 15. Bxb3 Rd8 16. Rd2 Bf5 17. Nc5 Rab8 18. Re1 b6 19. Ne4 h6 20. f3
Rbc8 21. Rc1 Be6 22. g3 Rc7 23. Kf2 f6 24. Nc4 Rcd7 25. Nc3 Nc7 26. Ne2 Nf5 27.
Rcd1 Nb5 28. Na5 Bxb3 29. Nxb3 Kf7 30. g4 Ne7 31. Nc3 Nc7 32. Re2 Ned5 33. Rde1
Re7 34. Rxe7+ Nxe7 35. Re4 Ned5 36. a3 Nxc3 37. bxc3 Nb5 38. Re2 Nxa3 39. Ra2
Nb5 40. c4 Nxd4 41. Rxa7+ Ke6 42. Nd2 Rd7 43. Ra6 Rb7 44. Ne4 Ke7 45. Ke3 Ne6
46. f4 Kd7 47. Ra8 Nc5 48. Rg8 Ke6 49. Re8+ Re7 50. f5+ Kd7 51. Rxe7+ Kxe7 52.
Nxc5 bxc5 53. h4 Kd6 54. Ke4 Kc7 55. Kd3 Kb6 56. Kc3 Ka5 57. Kb3 Kb6 1/2-1/2

[Event "Elit(Kamraterna-Manhem)"]
[Site "?"]
[Date "2008.11.15"]
[Round "2"]
[White "Andreasson, Ingvar"]
[Black "Schneider, Lars-Ake"]
[Result "1/2-1/2"]
[WhiteElo "2418"]
[BlackElo "2336"]
[PlyCount "32"]

1. d4 Nf6 2. Nf3 e6 3. e3 b6 4. Bd3 Bb7 5. Nbd2 Be7 6. b3 O-O 7. Bb2 d6 8. O-O
c5 9. Re1 Nbd7 10. c3 Qc7 11. c4 Rfe8 12. Rc1 e5 13. d5 Bf8 14. e4 g6 15. Rc2
Bg7 16. Nh4 Nh5 1/2-1/2

[Event "Elit(Kamraterna-Manhem)"]
[Site "?"]
[Date "2008.11.15"]
[Round "2"]
[White "Moberg, Karl Johan"]
[Black "Svenn, Matti"]
[Result "0-1"]
[WhiteElo "2308"]
[BlackElo "2238"]
[PlyCount "71"]

1. d4 d5 2. c4 e6 3. Nf3 Be7 4. Nc3 Nf6 5. Bg5 h6 6. Bh4 O-O 7. e3 b6 8. Rc1
Bb7 9. Bxf6 Bxf6 10. cxd5 exd5 11. Bd3 c5 12. O-O Na6 13. Re1 Nc7 14. Bb1 Re8
15. dxc5 bxc5 16. Na4 c4 17. b3 Ne6 18. bxc4 dxc4 19. Rxc4 Qa5 20. Qd2 Qh5 21.
Be4 Red8 22. Qc2 Bxe4 23. Qxe4 Rab8 24. h3 Qa5 25. Rec1 g6 26. Nc5 Nxc5 27.
Rxc5 Qxa2 28. Rc7 a5 29. Qf4 Bg7 30. R1c4 Qa1+ 31. Kh2 Qf6 32. Qxf6 Bxf6 33.
Ra7 Ra8 34. Rcc7 Rxa7 35. Rxa7 Rd5 36. e4 0-1

[Event "Elit(Kamraterna-Manhem)"]
[Site "?"]
[Date "2008.11.15"]
[Round "2"]
[White "Hamark, Jesper"]
[Black "Kinnmark, Ove"]
[Result "1/2-1/2"]
[WhiteElo "2358"]
[BlackElo "2256"]
[PlyCount "60"]

1. Nc3 d5 2. d4 Bf5 3. f3 Nf6 4. Bg5 Nbd7 5. Qd2 c6 6. g4 Bg6 7. h4 h5 8. Bxf6
gxf6 9. O-O-O Qc7 10. e3 O-O-O 11. Nge2 e5 12. Kb1 Kb8 13. Nc1 Bh6 14. Qf2 Rde8
15. Be2 exd4 16. exd4 Bf4 17. Qg2 Nb6 18. Nd3 Bd6 19. Nc5 Bxc5 20. dxc5 Nd7 21.
Qf2 Qa5 22. f4 hxg4 23. Bxg4 f5 24. Bf3 Qxc5 25. Qg1 Qxg1 26. Rdxg1 Nf6 27. Rg5
Nh7 28. Rgg1 Nf6 29. Rg5 Nh7 30. Rgg1 Nf6 1/2-1/2

[Event "Elit(Kamraterna-Manhem)"]
[Site "?"]
[Date "2008.11.15"]
[Round "2"]
[White "Fendrich, David"]
[Black "Andersson, Michael"]
[Result "1-0"]
[WhiteElo "2284"]
[BlackElo "2204"]
[PlyCount "120"]
[EventDate "2008.??.??"]

1. g3 e5 2. c4 Nf6 3. Bg2 d5 4. cxd5 Nxd5 5. Nf3 Nc6 6. O-O Be7 7. d4 exd4 8.
Nxd4 Nxd4 9. Qxd4 Nf6 10. Qa4+ c6 11. Rd1 Bd7 12. Nc3 Qc8 13. e4 Bg4 14. Re1
O-O 15. e5 Ne8 16. Be3 f6 17. exf6 Nxf6 18. Bxa7 Rf7 19. Qb3 Qd7 20. Be3 Raf8
21. f3 Be6 22. Qc2 Nd5 23. Nxd5 Bxd5 24. f4 Bxg2 25. Qxg2 Qf5 26. a3 Bc5 27.
Qf2 Bxe3 28. Qxe3 Qb5 29. Qd4 h6 30. Re5 Qb3 31. Rae1 Qf3 32. Qd1 Qxd1 33. Rxd1
Rc7 34. Rd6 Rfc8 35. Kf2 c5 36. Kf3 c4 37. Kg4 Rc6 38. Rd7 R6c7 39. Rd6 Rc6 40.
Rd7 R6c7 41. Re8+ Rxe8 42. Rxc7 b5 43. Rb7 Re2 44. Rxb5 Rxh2 45. Rb7 Rc2 46.
Kf5 Kh7 47. Ke4 h5 48. a4 Rg2 49. f5 Kh6 50. Rb6+ Kh7 51. Kf4 Rf2+ 52. Kg5 Rf3
53. Rb7 Rxg3+ 54. Kxh5 Rf3 55. Kg5 Rf1 56. a5 Ra1 57. Ra7 Rb1 58. f6 Rg1+ 59.
Kh4 Kh6 60. fxg7 Kh7 1-0

[Event "Elit(Kamraterna-Manhem)"]
[Site "?"]
[Date "2008.11.15"]
[Round "2"]
[White "Madebrink, Lars"]
[Black "Ebenfelt, Anders"]
[Result "1-0"]
[WhiteElo "2255"]
[BlackElo "2208"]
[PlyCount "65"]

1. d4 Nf6 2. c4 e5 3. dxe5 Ng4 4. Bf4 g5 5. Bg3 Bg7 6. Nf3 Nc6 7. Nc3 Ngxe5 8.
Nxe5 Nxe5 9. e3 d6 10. Rc1 Be6 11. b3 c6 12. Be2 Qa5 13. O-O O-O-O 14. f4 gxf4
15. exf4 Ng6 16. Ne4 d5 17. cxd5 Rxd5 18. Qc2 Ne7 19. Bc4 Bd4+ 20. Bf2 Bxf2+
21. Rxf2 Rd4 22. Bxe6+ fxe6 23. Nc5 Rd6 24. Qe4 Nf5 25. b4 Qa3 26. Re1 Nd4 27.
Nd3 h5 28. Ne5 Rg8 29. Nc4 Qxb4 30. Nxd6+ Qxd6 31. Rd1 c5 32. Rb1 b6 33. Qh7
1-0

[Event "Elit(Vasteras-Sollentuna)"]
[Site "?"]
[Date "2008.10.26"]
[Round "2"]
[White "Berg, Emanuel"]
[Black "Eriksson, Johan"]
[Result "1/2-1/2"]
[WhiteElo "2706"]
[BlackElo "2429"]
[PlyCount "43"]

1. e4 c5 2. Nf3 d6 3. d4 cxd4 4. Nxd4 Nf6 5. Nc3 a6 6. Bg5 e6 7. f4 Qb6 8. Qd2
Qxb2 9. Nb3 Qa3 10. Bxf6 gxf6 11. Be2 Nc6 12. O-O Bd7 13. Bh5 Bg7 14. Rf3 O-O
15. Raf1 Rfd8 16. Rg3 Rac8 17. f5 Ne5 18. Qh6 Ng6 19. Qe3 Ne5 20. Qh6 Ng6 21.
Qd2 Ne5 22. Qh6 1/2-1/2

[Event "Elit(Vasteras-Sollentuna)"]
[Site "?"]
[Date "2008.10.26"]
[Round "2"]
[White "Akesson, Ralf"]
[Black "Ernst, Thomas"]
[Result "1/2-1/2"]
[WhiteElo "2541"]
[BlackElo "2504"]
[PlyCount "47"]

1. d4 Nf6 2. c4 g6 3. Nc3 d5 4. cxd5 Nxd5 5. Bd2 Bg7 6. e4 Nb6 7. Be3 O-O 8. h3
Nc6 9. Nf3 f5 10. exf5 Bxf5 11. Qb3+ Kh8 12. d5 Ne5 13. Nxe5 Bxe5 14. Rd1 Qd6
15. g4 Bd7 16. Bg2 a5 17. a3 a4 18. Qa2 Bxc3+ 19. bxc3 Bb5 20. Rd4 Qc5 21. Rd2
Qd6 22. Rd4 Qc5 23. Rd2 Qd6 24. Rd4 1/2-1/2

[Event "Elit(Vasteras-Sollentuna)"]
[Site "?"]
[Date "2008.10.26"]
[Round "2"]
[White "Sagit, Rauan"]
[Black "Norberg, Johan"]
[Result "1-0"]
[WhiteElo "2404"]
[BlackElo "2386"]
[PlyCount "80"]

1. e4 g6 2. d4 Bg7 3. Nf3 d6 4. Bc4 Nf6 5. Qe2 O-O 6. e5 dxe5 7. dxe5 Nd5 8. h3
c6 9. O-O Qc7 10. a4 Be6 11. Nc3 Nxc3 12. bxc3 Bxc4 13. Qxc4 Nd7 14. e6 Ne5 15.
Nxe5 Qxe5 16. Rb1 b6 17. exf7+ Rxf7 18. Qxc6 Rd8 19. Be3 Qxc3 20. Qe4 Rc8 21.
Rbd1 e5 22. Qg4 Rcf8 23. Rd2 Qc6 24. Rfd1 h5 25. Qb4 Kh7 26. a5 Bh6 27. Re1
Bxe3 28. Rxe3 Re8 29. c3 Re6 30. Qb3 Rc7 31. Rd5 e4 32. Qd1 bxa5 33. Qd4 a4 34.
Ra5 Rd6 35. Qxe4 Qxe4 36. Rxe4 Rxc3 37. Re7+ Kh6 38. h4 Rc4 39. g3 a6 40. Rf7
Rg4 1-0

[Event "Elit(Vasteras-Sollentuna)"]
[Site "?"]
[Date "2008.10.26"]
[Round "2"]
[White "Sjodahl, Pontus"]
[Black "Azizi, Haroon"]
[Result "1-0"]
[WhiteElo "2494"]
[BlackElo "2230"]
[PlyCount "71"]

1. d4 d5 2. c4 Nc6 3. Nc3 dxc4 4. d5 Ne5 5. Qd4 Ng6 6. Nf3 Nf6 7. e4 e5 8. Qxc4
a6 9. h4 h5 10. Bg5 Bd6 11. Be2 Bd7 12. Nd2 Qe7 13. g3 Nf8 14. Qb3 Bc8 15. Nc4
N8d7 16. Nxd6+ cxd6 17. Qa3 Rb8 18. Rc1 b5 19. Nb1 Nc5 20. Nd2 b4 21. Qa5 Qd8
22. Qxd8+ Kxd8 23. f3 Re8 24. Nc4 Kc7 25. b3 Bb7 26. Bd2 Ba8 27. Bf1 g6 28. Ke2
Nfd7 29. Be3 Rec8 30. Bh3 Rb5 31. Rc2 f5 32. exf5 gxf5 33. Bxf5 Bxd5 34. Rd1
Bxc4+ 35. Rxc4 Rb6 36. Bxd7 1-0

[Event "Elit(Vasteras-Sollentuna)"]
[Site "?"]
[Date "2008.10.26"]
[Round "2"]
[White "Bergstrom, Peter"]
[Black "Eriksson, Anders"]
[Result "0-1"]
[WhiteElo "2348"]
[BlackElo "2370"]
[PlyCount "58"]

1. e4 c6 2. d4 d5 3. e5 Bf5 4. h4 h5 5. c4 dxc4 6. Bxc4 e6 7. Nc3 Nd7 8. Nf3
Ne7 9. Be3 Nb6 10. Bb3 Bg4 11. Bg5 Qd7 12. Qd2 Nf5 13. O-O-O Be7 14. Ne4 Bxg5
15. hxg5 O-O-O 16. g6 Nd5 17. gxf7 Bxf3 18. gxf3 Qxf7 19. Qg5 Nc7 20. Rhg1 h4
21. Qg4 Qe7 22. Ng5 g6 23. Ne4 Kb8 24. Nc3 Rh6 25. Bc2 h3 26. Rh1 h2 27. Ne2
Nd5 28. Be4 Rdh8 29. Kb1 Nde3 0-1

[Event "Elit(Vasteras-Sollentuna)"]
[Site "?"]
[Date "2008.10.26"]
[Round "2"]
[White "Norberg, Erik"]
[Black "Owen Jansson, Anders"]
[Result "1-0"]
[WhiteElo "2292"]
[BlackElo "2128"]
[PlyCount "115"]

1. c4 b6 2. Nc3 Bb7 3. Nf3 Nf6 4. d3 g6 5. e4 Bg7 6. g3 O-O 7. Bg2 c5 8. O-O
Nc6 9. h3 d6 10. Bg5 h6 11. Be3 Kh7 12. Nh4 e6 13. f4 d5 14. Ne2 dxe4 15. dxe4
Qxd1 16. Rfxd1 e5 17. Rd2 Rfe8 18. Nc3 exf4 19. gxf4 Na5 20. e5 Bxg2 21. Nxg2
Nh5 22. b3 g5 23. Rf1 gxf4 24. Nxf4 Ng3 25. Rf3 Nf5 26. Bf2 Nc6 27. Nd3 Ncd4
28. Bxd4 Nxd4 29. Rxf7 Rf8 30. Rdf2 Rxf7 31. Rxf7 Kg6 32. Rf4 Re8 33. Rg4+ Kh7
34. Nd5 Nf3+ 35. Kg2 Nxe5 36. Re4 Rg8 37. Nxe5 Bxe5+ 38. Kf3 Rf8+ 39. Kg4 Rg8+
40. Kf5 Rg5+ 41. Ke6 Bd4 42. Nf4 Rg1 43. Kd6 Ra1 44. Re7+ Kg8 45. Rxa7 Rf1 46.
Ne6 Bc3 47. Rb7 Ba5 48. Rg7+ Kh8 49. Rg4 Rf2 50. Nf4 Rxa2 51. Nd5 Rf2 52. Ke7
h5 53. Rg1 Kh7 54. Nf6+ Kh6 55. Kf7 Rxf6+ 56. Kxf6 h4 57. Kf5 Kh5 58. Rg6 1-0

[Event "Elit(Vasteras-Sollentuna)"]
[Site "?"]
[Date "2008.10.26"]
[Round "2"]
[White "Aperia, Tony"]
[Black "Nilsson, Andre"]
[Result "0-1"]
[WhiteElo "2050"]
[BlackElo "2330"]
[PlyCount "76"]

1. c4 g6 2. g3 Bg7 3. Bg2 Nf6 4. Nc3 O-O 5. e3 d6 6. d4 Nbd7 7. Nge2 e5 8. O-O
Re8 9. b3 h5 10. h3 e4 11. Qc2 Qe7 12. Ba3 c6 13. Rab1 Nf8 14. b4 Bf5 15. Kh2
N8h7 16. Ng1 Ng5 17. Qe2 Nf3+ 18. Kh1 Qd7 19. h4 Nxg1 20. Kxg1 Ng4 21. b5 Bf6
22. bxc6 bxc6 23. Qc2 Qe7 24. Qa4 Rac8 25. Qb4 Red8 26. Rfe1 g5 27. hxg5 Bxg5
28. Ne2 h4 29. Nf4 Qf6 30. Qd2 Bxf4 31. exf4 hxg3 32. fxg3 e3 33. Qe2 Re8 34.
Rbd1 Qg6 35. Bf3 Kg7 36. Kg2 Nf2 37. Rc1 Nd3 38. Bb2 Nxf4+ 0-1

[Event "Elit(Vasteras-Sollentuna)"]
[Site "?"]
[Date "2008.10.26"]
[Round "2"]
[White "Nygren, Kim"]
[Black "Aperia, Jakob"]
[Result "1-0"]
[WhiteElo "2317"]
[BlackElo "1982"]
[PlyCount "47"]

1. e4 c6 2. d4 d5 3. e5 Bf5 4. Nc3 e6 5. g4 Bg6 6. Nge2 Ne7 7. f4 h5 8. f5 Bh7
9. Bg5 hxg4 10. fxe6 fxe6 11. Nf4 Bf5 12. Bd3 Qd7 13. Bxf5 Nxf5 14. Qxg4 Bb4
15. Ng6 Rg8 16. O-O Qf7 17. Qh5 Nd7 18. Rxf5 exf5 19. e6 Qxe6 20. Nf4+ g6 21.
Qh7 Nf6 22. Bxf6 Qe3+ 23. Kg2 Qd2+ 24. Nce2 1-0

[Event "Elit(Upsala-Rockaden)"]
[Site "?"]
[Date "2008.11.15"]
[Round "2"]
[White "Karlsson, Lars"]
[Black "Glimbrandt, Torbjorn"]
[Result "1-0"]
[WhiteElo "2499"]
[BlackElo "2348"]
[PlyCount "119"]
[SourceDate "2008.11.24"]

1. c4 Nf6 2. g3 e6 3. Nf3 d5 4. Bg2 dxc4 5. Qa4+ Nbd7 6. O-O a6 7. Qxc4 b5 8.
Qc2 Bb7 9. b3 c5 10. Bb2 Be7 11. d3 O-O 12. a3 Rc8 13. Nbd2 Qb6 14. Rac1 Rfd8
15. Qb1 Bc6 16. Rc2 Qb7 17. Qa1 Ne8 18. Rfc1 Bf6 19. b4 cxb4 20. axb4 Bxb2 21.
Qxb2 Nb6 22. Nb3 Na4 23. Qa1 Bd5 24. Na5 Qa8 25. e4 Bb7 26. Ne5 Rxc2 27. Rxc2
Rc8 28. Qc1 Rxc2 29. Qxc2 Qc8 30. Qxc8 Bxc8 31. f4 Kf8 32. Kf2 Nc7 33. Ke3 f6
34. Nec6 Bd7 35. Nd4 Ke7 36. Ndb3 e5 37. d4 exd4+ 38. Kxd4 Ne6+ 39. Kd3 Kd6 40.
Nd4 Nb6 41. Nxe6 Bxe6 42. Kd4 Bc8 43. e5+ fxe5+ 44. fxe5+ Kc7 45. Bd5 h6 46.
Nb3 Kd7 47. Nc5+ Ke7 48. Bb3 g5 49. Ke4 h5 50. h4 gxh4 51. gxh4 Nd7 52. Nxd7
Bxd7 53. Kd4 Be6 54. Bxe6 Kxe6 55. Ke4 Ke7 56. Kd5 Kd7 57. e6+ Ke7 58. Ke5 Ke8
59. Kd6 Kd8 60. e7+ 1-0

[Event "Elit(Upsala-Rockaden)"]
[Site "?"]
[Date "2008.11.15"]
[Round "2"]
[White "Jansson, Borje"]
[Black "Hermansson, Emil"]
[Result "0-1"]
[WhiteElo "2348"]
[BlackElo "2469"]
[PlyCount "104"]

1. Nf3 d5 2. c4 d4 3. g3 Nc6 4. Bg2 e5 5. d3 Bb4+ 6. Bd2 a5 7. O-O Nf6 8. Na3
O-O 9. Nc2 Bc5 10. Bg5 h6 11. Bxf6 Qxf6 12. Nd2 Qe7 13. b3 Nb4 14. Ne1 Na6 15.
Nc2 Bb4 16. Nxb4 axb4 17. Nf3 Bd7 18. Qd2 Bc6 19. e4 dxe3 20. Qxe3 Rfe8 21.
Rfe1 Qd6 22. Rad1 Nc5 23. Qd2 Bxf3 24. Bxf3 Qd4 25. Re3 c6 26. Rde1 Red8 27.
Be4 Nxe4 28. Rxe4 Qxd3 29. Qxd3 Rxd3 30. R1e2 f6 31. c5 Rd4 32. f4 Rxe4 33.
Rxe4 exf4 34. Rxf4 Rxa2 35. Rxb4 Rc2 36. Rxb7 Rxc5 37. Rc7 Rc1+ 38. Kg2 Rc2+
39. Kg1 Kh7 40. b4 Rc4 41. h4 Kg6 42. Kg2 h5 43. Kf3 Kf5 44. Rb7 g6 45. b5 c5
46. b6 Rc3+ 47. Kf2 Rb3 48. Rc7 Rxb6 49. Rxc5+ Kg4 50. Rc4+ Kh3 51. Rc3 Rb2+
52. Kf1 Rg2 0-1